| 000 | 00487nam a22001697a 4500 | ||
|---|---|---|---|
| 005 | 20251108165322.0 | ||
| 008 | 250721s1985 xx 000 0 ara d | ||
| 082 | 1 | 4 | _a634/جان |
| 100 | 1 | _aجانيك، | |
| 245 | 1 | 0 | _aعلم البساتين / |
| 264 | 1 |
_aالقاهرة : _bالدار العربية للنشر، _c1985. |
|
| 300 | _a659ص. | ||
| 650 | 1 | 7 | _aعلم البساتين |
| 700 | 1 |
_aسوريال، جميل فهيم _eترجمة |
|
| 942 |
_2ddc _cBK |
||
| 999 |
_c24971 _d24971 |
||